Criminality in the rural areas

Gespeichert in:
Bibliographische Detailangaben
1. Verfasser: Ďurkovičová, Jana
Format: Buchkapitel
Sprache:Englisch
Schlagworte:
Tags: Tag hinzufügen
Keine Tags, Fügen Sie das erste Tag hinzu!

MARC

LEADER 00000naa a2200000 4500
001 0208496
005 20231013070523.8
041 0 |a eng 
044 |a SK 
245 1 0 |a Criminality in the rural areas  |c Jana Ďurkovičová ... [et al.] 
610 2 0 |a vidiek 
610 2 0 |a ukazovatele ekonomické 
610 2 0 |a ukazovatele demografické 
610 2 0 |a ukazovatele sociálne 
610 2 0 |a kvalita života 
610 2 0 |a kriminalita 
100 1 |a Ďurkovičová, Jana